000 00253nam a22000977a 4500
008 260413b |||||||| |||| 00| 0 eng d
020 _a9788176557962
100 _aPilkey Dav
_97862
245 _aDog Man Fetch-22 (Part-8)
260 _aIndia
_bScholastic
_c2024
999 _c12861
_d12861